The Americas (except US) Geography by Letter - P - Statistics

General Stats
  • This quiz has been taken 694 times
  • The average score is 11 of 15
Answer Stats
Hint Answer % Correct
Central American country and canal Panama
99%
Landlocked South American country Paraguay
99%
An other South American country Peru
98%
Mexican currency Peso
98%
Captal of Haiti Port-au-Prince
95%
Region of southern Chile and Argentina Patagonia
86%
River between Argentina and Uruguay; Rio de la Plata
78%
Canada's smallest province Prince Edward Island
74%
Argentine grassland Pampas
72%
Capital of Trinidad and Tobago Port of Spain
71%
Capital of Suriname Paramaribo
69%
Alberta, Saskatchewan and Manitoba; the ________ Provinces Prairie
61%
Brazilian city hosting the World Social Forum, the anti-Davos. Porto Alegre
28%
Resort city in the Dominican Republic Puerto Plata
21%
River in British Colombia and Alberta which empties into Lake Athabasca Peace River
7%
No matching quizzes found
Score Distribution
Percent of People with Each Score
Percentile by Number Answered
Your Score History
You have not taken this quiz